00597nam a2200169Ia 4500008004100000082001800041100001800059245004300077260002900120300000800149630004300157700001100200730004300211942000900254999001900263952014500282100122s9999 xx 000 0 und d b43806a823.08 aCHEKHOV ANTON aANTON CHEKHOV : COLLECTED WORKS VOL. 2 bRADUGA PUBLICATIONc1987 a445 aANTON CHEKHOV : COLLECTED WORKS VOL. 2 aMILLER aANTON CHEKHOV : COLLECTED WORKS VOL. 2 cBOOK c373220d373217 00104070aSVPPARLEbSVPPARLEd1990-04-27g23.00l0o43806pSVPPARLE-43806r2010-01-25 00:00:00v23.00w2010-01-25yBOOKz", , General, NA"